| 000 | 00769nam a2200193 a 4500 | ||
|---|---|---|---|
| 008 | 120416s1972 ||||||||||||||||| || u | ||
| 020 | _a0070717834 | ||
| 050 | _aTH 2140 Woo | ||
| 100 | _aGreer, David M | ||
| 245 | 1 | 0 | _aDrilled pier foundations |
| 260 |
_aNew York: _bMcGraw-Hill _c1972 |
||
| 300 | _aviii, 287p. : ill. | ||
| 350 | _a0.00 | ||
| 650 | _aCIVIL ENGINEERING | ||
| 650 | _aPILING--CIVIL ENGINEERING | ||
| 700 | _aWoodward, Richard J | ||
| 995 |
_aMAIN LIBRARY OPEN ACCESS _D0.00 _e716586 _FCBU-MAIN LIBRARY (Kitwe) _H2 _I7.90 _jTH 2140 Woo _M1 _UAVAILABLE _y015321 _ZMain Library Open Access Collection |
||
| 995 |
_aMAIN LIBRARY OPEN ACCESS _D0.00 _e716587 _FCBU-MAIN LIBRARY (Kitwe) _H1 _I7.90 _jTH 2140 Woo _UAVAILABLE _y015322 _ZMain Library Open Access Collection |
||
| 999 |
_c75654 _d75654 |
||